Normal view MARC view
  • Dr. Muwahida Liaqat

Entry Corporate Name

Number of records used in: 1

001 - CONTROL NUMBER

  • control field: 103959

003 - CONTROL NUMBER IDENTIFIER

  • control field: NUST

005 - DATE AND TIME OF LATEST TRANSACTION

  • control field: 20221202095738.0

008 - FIXED-LENGTH DATA ELEMENTS

  • fixed length control field: 221202|| aca||aabn | a|a d

040 ## - CATALOGING SOURCE

  • Original cataloging agency: NUST
  • Transcribing agency: NUST

110 ## - HEADING--CORPORATE NAME

  • Corporate name or jurisdiction name as entry element: Dr. Muwahida Liaqat

670 ## - SOURCE DATA FOUND

  • Source citation: Work cat.: (NUST): Muhammad Hanzla Zahid Muhammad Bilal Hamid Azfar Altaf Haris Saleem 103958, PR-SOF-2198- Lot Based Smart Parking System , 2022.
© 2023 Central Library, National University of Sciences and Technology. All Rights Reserved.